000
00289nam a22001337a 4500
020
_a
2352565899856
041
_a
ENG
100
_a
Uppal-M.M
245
_a
Atext book of Engineerig Chemistry
260
_a
Delhi
_b
Khanna Pub
_c
1998
300
_a
80
650
_a
Chemistry
856
_u
FMP
999
_c
252
_d
252